|
|
|
|
| LEADER |
01510nam a2200373Ia 4500 |
| 001 |
EBC273125 |
| 003 |
MiAaPQ |
| 005 |
20200520144314.0 |
| 006 |
m o d | |
| 007 |
cr cn||||||||| |
| 008 |
931103s1994 nyua sb 001 0 eng d |
| 010 |
|
|
|z 93043172
|
| 020 |
|
|
|z 9780195080520
|
| 020 |
|
|
|z 0195080521 (acid-free paper)
|
| 035 |
|
|
|a (MiAaPQ)EBC273125
|
| 035 |
|
|
|a (Au-PeEL)EBL273125
|
| 035 |
|
|
|a (CaPaEBR)ebr10278358
|
| 035 |
|
|
|a (CaONFJC)MIL52669
|
| 035 |
|
|
|a (OCoLC)466431311
|
| 040 |
|
|
|a MiAaPQ
|c MiAaPQ
|d MiAaPQ
|
| 050 |
|
4 |
|a HD69.P75
|b P47 1994
|
| 245 |
0 |
4 |
|a The perpetual enterprise machine
|h [electronic resource] :
|b seven keys to corporate renewal through successful product and process development /
|c H. Kent Bowen ... [et al.].
|
| 260 |
|
|
|a New York :
|b Oxford University Press,
|c 1994.
|
| 300 |
|
|
|a 436 p. :
|b ill.
|
| 504 |
|
|
|a Includes bibliographical references (p. 427-431) and index.
|
| 533 |
|
|
|a Electronic reproduction. Ann Arbor, MI : ProQuest, 2015. Available via World Wide Web. Access may be limited to ProQuest affiliated libraries.
|
| 650 |
|
0 |
|a Project management
|z United States.
|
| 650 |
|
0 |
|a New products
|z United States
|x Management.
|
| 650 |
|
0 |
|a Production management
|z United States.
|
| 650 |
|
0 |
|a Manufacturing industries
|z United States
|v Case studies.
|
| 655 |
|
4 |
|a Electronic books.
|
| 700 |
1 |
|
|a Bowen, H. Kent.
|
| 710 |
2 |
|
|a ProQuest (Firm)
|
| 856 |
4 |
0 |
|u https://ebookcentral.proquest.com/lib/matrademy/detail.action?docID=273125
|z Click to View
|